00575pam a2200181 a 4500020001500000040000800015082002600023100001800049245002800067260003700095300005100132500002000183520013600203650001500339650001100354650001600365650001200381 a0027896854 cDLC00a551 DIL 1992 A025 Or.1 aTwist, Clint.10aHurricanes and storms / aNew York :bDillon Press,c1992. a45 p. :bill. (some col.), col. maps ;c30 cm. aIncludes index. aDescribes the characteristics of hurricanes and other kinds of storms, the damage they may cause, and possible protective measures. 0aHurricanes 0aStorms 1aHurricanes. 1aStorms.